[Event "Tri-State M (ID, WY, MT)"]
[Site "Jackson, WY"]
[Date "2004.10.23"]
[Round "1.5"]
[White "Carr, John B"]
[Black "Eacker, Barry D"]
[Result "1-0"]
[WhiteElo "1732"]
[BlackElo "1600"]

1. d4 Nf6 2. c4 e6 3. Nc3 Bb4 4. Bg5 h6 5. Bh4 O-O 6. e3 c5 7. d5 d6 8. dxe6
Bxe6 9. Bd3 d5 10. cxd5 Bxc3+ 11. bxc3 Qxd5 12. Bxf6 Qxg2 13. Qf3 Qxf3 14.
Nxf3 gxf6 15. Be4 Nc6 16. Bxc6 bxc6 17. Rg1+ Kh7 18. Nd2 Rg8 19. Ke2 Rxg1 20.
Rxg1 Bxa2 21. c4 Rb8 22. Kd3 Rb2 23. Kc3 Rxd2 24. Kxd2 Bxc4 25. h4 h5 26. e4
Bb5 27. Rc1 c4 28. Kc3 a5 29. Ra1 a4 30. Kb4 Kh6 31. Ra3 Kh7 32. Rf3 Kg6 33.
Rf5 Kh6 34. Rxf6+ Kg7 35. Rf5 Kg6 36. f3 f6 37. f4 a3 38. Kxa3 c3 39. Kb3 Bd3
40. Kxc3 Bxe4 41. Ra5 Bd5 42. Kd3 Kf5 43. Ke3 Kg4 44. Ra1 Kxh4 45. Rg1 Kh3 46.
f5 Bg2 47. Rd1 Kg3 48. Rd6 h4 49. Rxf6 h3 50. Rg6+ Kh4 51. f6 Bd5 52. Kf4 Kh5
53. Rg3 Kh4 54. Rg7 Kh5 {#r} 1-0

[Event "TC Hartwell Memorial"]
[Site "Twin Falls, ID"]
[Date "2006.05.27"]
[Round "1.1"]
[White "Reynolds, Garrett"]
[Black "Eacker, Barry D"]
[Result "1-0"]
[WhiteElo "1963"]
[BlackElo "1635"]

1. e4 e6 2. d3 d5 3. Nd2 dxe4 4. dxe4 e5 5. Ngf3 Bc5 6. c3 Nf6 7. Bc4 Nc6 8.
b4 Bb6 9. a4 a6 10. Qb3 O-O 11. h3 h6 12. O-O Qe8 13. Re1 Be6 14. Bxe6 Qxe6
15. Qxe6 fxe6 16. Nc4 Nd7 17. Be3 Bxe3 18. Rxe3 Rf7 19. Rd1 Raf8 20. Red3 Ncb8
21. Ncxe5 Nxe5 22. Nxe5 Rxf2 23. Rf3 R2xf3 24. gxf3 g5 25. Kg2 Kg7 26. Kg3 h5
27. h4 Kf6 28. Nd7+ Nxd7 29. Rxd7 gxh4+ 30. Kxh4 Rf7 31. e5+ Kg6 32. Rxf7 Kxf7
33. Kxh5 b6 34. Kg5 Kg7 35. f4 c6 36. c4 b5 37. cxb5 cxb5 38. a5 Kf7 39. f5
exf5 40. Kxf5 Ke7 41. e6 Ke8 42. Ke5 Ke7 43. Kd5 {#r} 1-0

[Event "TC Hartwell Memorial"]
[Site "Twin Falls, ID"]
[Date "2006.05.28"]
[Round "4.3"]
[White "Bartell, Fred"]
[Black "Eacker, Barry D"]
[Result "0-1"]
[WhiteElo "1853"]
[BlackElo "1635"]

1. c4 Nf6 2. Nc3 e6 3. e4 d5 4. e5 d4 5. exf6 dxc3 6. fxg7 Bxg7 7. bxc3 c5 8.
Qc2 Nc6 9. Rb1 b6 10. Nf3 Bb7 11. Be2 Ne5 12. Nxe5 Bxe5 13. Qa4+ Qd7 14. Qxd7+
Kxd7 15. f3 Rag8 16. Kf2 h5 17. Ba3 Kc7 18. Rbd1 Rd8 19. Bb2 h4 20. d4 cxd4
21. cxd4 Bf6 22. Rd3 Ba6 23. Ra3 Kb7 24. Rd1 Rd7 25. f4 Rhd8 26. Bf3+ Kb8 27.
Rxa6 Bxd4+ 28. Bxd4 Rxd4 29. Ke1 Rxd1+ 30. Bxd1 Rd4 31. Ra4 Rxf4 32. c5 Rxa4
33. Bxa4 bxc5 34. Bb3 Kc7 35. Kf2 Kd6 36. Kf3 Ke5 37. Kg4 Kd4 38. Kxh4 c4 39.
Ba4 e5 40. Kg4 e4 41. h4 a6 42. Kf4 e3 43. Bd1 Kd3 44. Kf3 Kd2 45. Be2 c3 46.
h5 c2 47. Bc4 c1=Q 48. Bxf7 Qf1+ {#R} 0-1

[Event "TC Hartwell Memorial"]
[Site "Twin Falls, ID"]
[Date "2006.05.28"]
[Round "5.3"]
[White "Eacker, Barry D"]
[Black "Mabry, William B"]
[Result "1-0"]
[WhiteElo "1728"]
[BlackElo "1319"]

1. Nf3 Nf6 2. c4 c5 3. g3 b6 4. Bg2 Bb7 5. d3 e6 6. Nc3 d5 7. Ne5 Nbd7 8. Qa4
a6 9. Nxd7 Qxd7 10. Qxd7+ Kxd7 11. Bg5 Rb8 12. Bxf6 gxf6 13. cxd5 exd5 14.
Bxd5 Bxd5 15. Nxd5 Bg7 16. Rc1 Ke6 17. Nf4+ Ke7 18. Nd5+ Kd6 19. Ne3 Rhe8 20.
Nf5+ Kd7 21. Nxg7 Re5 22. e4 Rbe8 23. Nxe8 Kxe8 24. f4 Re7 25. Kf2 Rd7 26.
Rhd1 Rd4 27. Rc4 {#r} 1-0

[Event "Idaho Open"]
[Site "Twin Falls, ID"]
[Date "2006.08.26"]
[Round "2.4"]
[White "Buckendorf Jr., Glen"]
[Black "Eacker, Barry D"]
[Result "1/2-1/2"]
[WhiteElo "1800"]
[BlackElo "1649"]

1. e4 e6 2. d4 d5 3. Nd2 dxe4 4. Nxe4 Nf6 5. Bg5 Be7 6. Nxf6+ Bxf6 7. Bxf6
gxf6 8. Nf3 Bd7 9. Qd2 Bc6 10. Be2 Nd7 11. O-O-O Nb6 12. Rhe1 Qd5 13. Kb1
O-O-O 14. Qb4 Qd6 15. Qxd6 {#d} 1/2-1/2

[Event "Idaho Open"]
[Site "Twin Falls, ID"]
[Date "2006.08.26"]
[Round "3.3"]
[White "Eacker, Barry D"]
[Black "Zumbrunnen, Randy D"]
[Result "1/2-1/2"]
[WhiteElo "1649"]
[BlackElo "2000"]

1. Nf3 d5 2. c4 c6 3. cxd5 cxd5 4. d4 Nf6 5. g3 Nc6 6. Bg2 Bf5 7. Bd2 Ne4 8.
a3 Nxd2 9. Nbxd2 h6 10. O-O e6 11. Rc1 Bd6 12. Re1 O-O 13. e4 dxe4 14. Nxe4
Be7 15. Nc5 Rc8 16. Qa4 Na5 17. Ne5 Bxc5 18. dxc5 Qc7 19. b4 Nc6 20. Nxc6 {#d}
1/2-1/2

[Event "Idaho Open"]
[Site "Twin Falls, ID"]
[Date "2006.08.27"]
[Round "5.3"]
[White "Pocol, Daniel"]
[Black "Eacker, Barry D"]
[Result "1/2-1/2"]
[WhiteElo "1615"]
[BlackElo "1649"]

1. d4 d5 2. Bf4 Nf6 3. e3 Bf5 4. Nd2 e6 5. Ngf3 Nbd7 6. Bg5 Be7 7. Bb5 c6 8.
Ba4 h6 9. Bh4 Ne4 10. Nxe4 Bxe4 11. Bg3 Nf6 12. O-O O-O 13. Nd2 Bg6 14. f3 Bd6
15. Bh4 Qc7 16. f4 Ne4 17. c3 Qb6 18. Qc1 Rac8 19. b4 Qa6 20. Bb3 Qd3 21. Nxe4
Bxe4 22. Rf2 b6 23. Qe1 f5 24. h3 c5 25. Bc2 Qc4 26. Bxe4 fxe4 27. bxc5 bxc5
28. Rb2 cxd4 29. cxd4 Rf7 30. Rab1 Rfc7 31. Qg3 Qa4 32. Qg4 Qd7 {#d} 1/2-1/2

[Event "SIO"]
[Site "Jackpot, NV"]
[Date "2006.11.04"]
[Round "1.3"]
[White "Nahlen, John P"]
[Black "Eacker, Barry D"]
[Result "0-1"]
[WhiteElo "1368"]
[BlackElo "1667"]

1. e4 e6 2. d4 d5 3. e5 c5 4. c3 Nc6 5. Nf3 Nge7 6. Bb5 a6 7. Bd3 Qc7 8. O-O
Bd7 9. Re1 c4 10. Bc2 Na5 11. b3 cxb3 12. axb3 Bb5 13. Ba3 Ng6 14. Ng5 Bxa3
15. Rxa3 b6 16. Re3 O-O-O 17. Rf3 Rdf8 18. Rh3 h6 19. Nxe6 fxe6 20. Bxg6 Kb7
21. Bd3 Bxd3 22. Qxd3 Rf7 23. Re3 Rhf8 24. Re2 Ra8 25. Rc2 b5 26. Nd2 Nc6 27.
Rc1 Qb6 28. Qg6 Nxe5 29. dxe5 Qxf2+ 30. Kh1 Raf8 31. Qd3 Qxd2 32. Qb1 Qxc1+
33. Qxc1 Rf1+ 34. Qxf1 Rxf1# 0-1

[Event "SIO"]
[Site "Jackpot, NV"]
[Date "2006.11.04"]
[Round "2.1"]
[White "Reynolds, Garrett"]
[Black "Eacker, Barry D"]
[Result "1/2-1/2"]
[WhiteElo "1923"]
[BlackElo "1667"]

1. e4 e6 2. d3 d5 3. Nd2 dxe4 4. dxe4 e5 5. Ngf3 Bg4 6. c3 Bxf3 7. Qxf3 Qf6 8.
Bc4 Nd7 9. Qe2 Bc5 10. Nb3 Bb6 11. Be3 Qg6 12. O-O-O Ngf6 13. f3 O-O-O 14. Bd3
h5 15. Bxb6 axb6 16. a4 h4 17. Kc2 Nh5 18. Qf2 Nf4 19. Rhg1 Nxd3 20. Rxd3 Qc6
21. Ra1 Nb8 22. Rxd8+ Kxd8 23. a5 Na6 24. axb6 cxb6 25. Qd2+ Kc7 26. Rd1 Nc5
27. Nxc5 bxc5 28. Qd5 f6 29. Qxc6+ {#d} 1/2-1/2

[Event "SIO"]
[Site "Jackpot, NV"]
[Date "2006.11.04"]
[Round "3.2"]
[White "Eacker, Barry D"]
[Black "Watson, John"]
[Result "1/2-1/2"]
[WhiteElo "1667"]
[BlackElo "1479"]

1. Nf3 d5 2. c4 d4 3. d3 c5 4. g3 Nc6 5. Bg2 Nf6 6. O-O Bg4 7. Nbd2 Qd7 8. Re1
Rb8 9. a3 e5 10. Rb1 Bd6 11. Ng5 h6 12. Nge4 Nxe4 13. Nxe4 Be7 14. f3 Bh3 15.
Bd2 Bxg2 16. Kxg2 f5 17. Nf2 O-O 18. Qa4 b6 19. b4 Qc7 20. Rb2 Nd8 21. Reb1
Ne6 22. Qc2 Kh7 23. b5 g5 24. Qc1 h5 25. Qh1 Qb7 26. h3 Kg6 27. Rg1 g4 28. Kf1
Bg5 {#d} 1/2-1/2

[Event "SIO"]
[Site "Jackpot, NV"]
[Date "2006.11.05"]
[Round "4.2"]
[White "Eacker, Barry D"]
[Black "Roland, Jeffrey T"]
[Result "1/2-1/2"]
[WhiteElo "1667"]
[BlackElo "1700"]

1. Nf3 Nf6 2. c4 g6 3. g3 Bg7 4. Bg2 d5 5. cxd5 Nxd5 6. Nc3 Nxc3 7. bxc3 O-O
8. d4 c5 9. O-O cxd4 10. cxd4 Nc6 11. Bb2 Rb8 12. e3 e6 13. Rc1 Qd6 14. Qb3
Rd8 15. Rfd1 Qb4 16. Qxb4 {#d} 1/2-1/2

[Event "SIO"]
[Site "Jackpot, NV"]
[Date "2006.11.05"]
[Round "5.1"]
[White "Eacker, Barry D"]
[Black "Kennedy, Shane A"]
[Result "1/2-1/2"]
[WhiteElo "1667"]
[BlackElo "1623"]

1. Nf3 Nf6 2. c4 c6 3. g3 d5 4. cxd5 cxd5 5. d4 Nc6 6. Bg2 Bf5 7. O-O e6 8.
Bg5 Be7 9. Nc3 O-O 10. Nh4 Bg6 11. Nxg6 hxg6 12. Rc1 Qb6 13. Qd2 Qxd4 14. Qxd4
Nxd4 15. Rfd1 Nc6 16. e3 Rac8 17. Ne2 Rfd8 18. Nd4 Nxd4 19. exd4 Bb4 20. Kf1
Ba5 21. Ke2 Bb6 22. Kd3 Kf8 23. h3 Ke7 24. Bf3 Kd7 25. h4 Re8 26. Be3 Ng8 27.
Bg2 Ne7 28. Bh3 Nc6 29. a3 Na5 30. Bd2 Nb3 31. Rxc8 Rxc8 32. Bc3 Rh8 33. Rh1
Rc8 34. Rd1 Ke7 35. f4 Ba5 36. Bf1 Bb6 37. Ke3 Ba5 {#d} 1/2-1/2

[Event "Idaho Closed"]
[Site "Boise, ID"]
[Date "2007.02.17"]
[Round "1.13"]
[White "Eacker, Barry D"]
[Black "Simonson, Jay L"]
[Result "1-0"]
[WhiteElo "1675"]
[BlackElo "639"]

1. Nf3 d5 2. c4 Be6 3. Ng5 Nf6 4. Nxe6 fxe6 5. g3 Nc6 6. Bg2 g6 7. O-O Bg7 8.
Qb3 Nd4 9. Qa4+ c6 10. Nc3 Qb6 11. d3 Ng4 12. cxd5 exd5 13. e3 Nb5 14. Nxb5 h5
15. Nc3 O-O-O 16. h3 Ne5 17. Qc2 d4 18. Nd5 Qa6 19. Rd1 dxe3 20. Bxe3 Rd7 21.
Be4 Kb8 22. Nf4 g5 23. Ne6 Bf6 24. Nc5 Qb5 25. d4 Nc4 26. Nxd7+ Kc7 27. Nxf6
exf6 28. b3 Na3 29. Qb2 Qb4 30. Rac1 Rf8 31. Bf5 Rd8 32. d5 Nb5 33. Bc5 Qa5
34. Be7 Re8 35. d6+ Kb8 36. d7 Nc7 37. d8=Q+ Rxd8 38. Rxd8# 1-0

[Event "Idaho Closed"]
[Site "Boise, ID"]
[Date "2007.02.17"]
[Round "2.2"]
[White "Johnson, Paul M"]
[Black "Eacker, Barry D"]
[Result "1-0"]
[WhiteElo "2015"]
[BlackElo "1675"]

1. d4 Nf6 2. Nf3 e6 3. Bg5 Be7 4. Nbd2 d5 5. e3 O-O 6. Bd3 Nbd7 7. O-O h6 8.
Bh4 c5 9. c3 Re8 10. Ne5 Qc7 11. f4 b6 12. Ndf3 c4 13. Bc2 Rb8 14. f5 Nf8 15.
fxe6 Bxe6 16. h3 N8d7 17. Bg3 Bd6 18. Bh2 Rf8 19. Qe1 Ne4 20. Qh4 Ndf6 21. Ng4
Bxh2+ 22. Nfxh2 Nxg4 23. Nxg4 Bxg4 24. Qxg4 Qe7 25. Bxe4 dxe4 26. Rf5 Rbe8 27.
Raf1 Qe6 28. Qg3 Re7 29. Rf6 Qd7 30. Rxh6 f5 31. Rg6 Re6 32. Rxe6 Qxe6 33. Qf4
g6 34. g4 Kh7 35. Kh2 Rf7 36. gxf5 Rxf5 37. Qc7+ Kh6 38. Rxf5 Qxf5 39. Qf4+
{#r} 1-0

[Event "Idaho Closed"]
[Site "Boise, ID"]
[Date "2007.02.18"]
[Round "3.10"]
[White "Eacker, Barry D"]
[Black "Harmon-Vellotti, Carl Honor"]
[Result "1/2-1/2"]
[WhiteElo "1675"]
[BlackElo "1185"]

1. Nf3 d5 2. c4 c6 3. cxd5 cxd5 4. d4 Nc6 5. g3 Nf6 6. Bg2 Bg4 7. Nbd2 Qd7 8.
Ne5 Qc7 9. Nxg4 Nxg4 10. e3 Nf6 11. Qc2 e6 12. O-O Bd6 13. b3 Rc8 14. Bb2 Nb4
15. Qxc7 Bxc7 16. Rfd1 O-O 17. Bf1 Rfd8 18. a3 Nc6 19. Rac1 Bd6 20. Rc2 Ne7
21. Rdc1 Rxc2 22. Rxc2 Rc8 23. Bd3 Rxc2 24. Bxc2 Nc6 25. b4 b5 26. Nb3 Nd7 27.
f4 Nb6 28. Bd3 a6 29. Nc5 Bxc5 30. dxc5 Nc4 {#d} 1/2-1/2

[Event "Idaho Closed"]
[Site "Boise, ID"]
[Date "2007.02.18"]
[Round "4.10"]
[White "Frasure, Drake Martin"]
[Black "Eacker, Barry D"]
[Result "1-0"]
[WhiteElo "1180"]
[BlackElo "1675"]

1. e4 e6 2. Nf3 d5 3. exd5 exd5 4. d4 Nf6 5. Be2 Be7 6. O-O O-O 7. Nc3 Bg4 8.
Re1 Nbd7 9. a3 Re8 10. Ne5 Bxe2 11. Rxe2 c5 12. dxc5 Bxc5 13. Nd3 Rxe2 14.
Qxe2 Qf8 15. Nxc5 Re8 16. Qd1 Qxc5 17. Be3 Qc6 18. h3 Ne5 19. Bd4 a6 20. f4
Ned7 21. Bxf6 Nxf6 22. Qd4 Qc4 23. Rd1 Re1+ 24. Kh2 Rxd1 25. Qxc4 dxc4 26.
Nxd1 Nd5 27. Kg3 f5 28. Kf3 Kf7 29. Ne3 Nxe3 30. Kxe3 Ke6 31. Kd4 b5 32. Kc5
g6 33. a4 bxa4 34. Kxc4 Kd6 35. Kb4 Kc6 36. Kxa4 Kb6 37. b4 h6 38. c4 g5 39.
g3 gxf4 40. gxf4 h5 41. c5+ Kb7 42. Ka5 h4 43. c6+ Ka7 44. c7 Kb7 45. c8=Q+
Kxc8 46. Kxa6 Kc7 47. b5 Kb8 48. Kb6 {#r} 1-0

[Event "Idaho Closed"]
[Site "Boise, ID"]
[Date "2007.02.19"]
[Round "6.10"]
[White "Harmon-Vellotti, Luke"]
[Black "Eacker, Barry D"]
[Result "1/2-1/2"]
[WhiteElo "1268"]
[BlackElo "1675"]

1. e4 e6 2. d4 d5 3. Nc3 Nf6 4. Bg5 Be7 5. e5 Nfd7 6. Bxe7 Qxe7 7. f4 c5 8.
Nb5 Qd8 9. Nd6+ Kf8 10. Qh5 g6 11. Qh6+ Kg8 12. Nf3 f6 13. c3 Nc6 14. g3 Qe7
15. Bg2 Nd8 16. O-O Nf7 17. Nxf7 Qxf7 18. Rae1 f5 19. Ng5 Qf8 20. Qxf8+ Nxf8
21. dxc5 Bd7 22. Rf2 Rc8 23. b4 Bb5 24. Bf1 Bxf1 25. Kxf1 h6 26. Nf3 Rh7 27.
Nd4 a6 28. a4 Rhc7 29. a5 Kf7 30. Ke2 Nd7 31. Kd3 Nb8 32. Rd1 Nc6 33. Nxc6
bxc6 34. c4 Rb8 35. Kc3 h5 36. Kb3 Rcb7 37. Kc3 Rxb4 38. cxd5 Rb3+ 39. Kd2
cxd5 40. Rc1 Rb2+ 41. Ke1 Rxf2 42. Kxf2 Rc8 43. Ke3 Ke7 44. Kd4 Kd7 45. Rd1
Kc6 {#d} 1/2-1/2

[Event "Idaho Open"]
[Site "Pocatello, ID"]
[Date "2007.03.31"]
[Round "2.2"]
[White "Morrow, Hans M"]
[Black "Eacker, Barry D"]
[Result "1/2-1/2"]
[WhiteElo "1936"]
[BlackElo "1675"]

1. e4 e6 2. d4 d5 3. Nc3 Bb4 4. e5 Ne7 5. a3 Bxc3+ 6. bxc3 c5 7. Nf3 Qa5 8.
Bd2 c4 9. Be2 Nd7 10. O-O Nb6 11. Qb1 Nc6 12. Ra2 Na4 13. Qa1 a6 14. Ng5 Nxd4
15. Qe1 Nxe2+ 16. Qxe2 Qc7 17. f4 h6 18. Nf3 Qb6+ 19. Nd4 Bd7 20. Raa1 Nc5 21.
Rfb1 Qa7 22. Kh1 Ne4 23. Rb2 Qc5 24. a4 Rb8 25. g3 O-O 26. Qe1 Qa5 27. Rb4
Rfc8 28. Be3 Qd8 29. Rab1 Bc6 30. Kg1 Qd7 31. a5 Qe8 32. Rb6 Qd7 33. R1b2 Ba4
34. R2b4 Rc5 35. Qa1 Rxa5 36. Nc6 Bxc6 37. Qxa5 Nxc3 38. Bf2 Nb5 39. R6xb5
axb5 40. Bd4 Qe8 41. Rb1 Ra8 42. Qc3 Ra2 43. Re1 Qa8 44. f5 Qa4 45. Re2 b4 46.
Qe1 b3 47. cxb3 Rxe2 {#d} 1/2-1/2

[Event "Idaho Open"]
[Site "Pocatello, ID"]
[Date "2007.03.31"]
[Round "3.3"]
[White "Reynolds, Garrett"]
[Black "Eacker, Barry D"]
[Result "1-0"]
[WhiteElo "1900"]
[BlackElo "1675"]

1. Nf3 Nf6 2. g3 e6 3. d3 d5 4. Nbd2 Be7 5. Bg2 Bd7 6. O-O Bc6 7. Ne5 O-O 8.
c3 Nfd7 9. Nxc6 Nxc6 10. f4 Nb6 11. e4 Qd7 12. d4 dxe4 13. Bxe4 Nd5 14. Nf3
Nf6 15. Bc2 Na5 16. f5 exf5 17. Ne5 Qd6 18. Rxf5 g6 19. Nxf7 Rxf7 20. Rxa5 b6
21. Re5 Kg7 22. Bb3 Rff8 23. Qe2 Rae8 24. Bg5 h6 25. Bxf6+ Qxf6 26. Re6 Qg5
27. Ba4 {(time)} {#r} 1-0

[Event "Idaho Open"]
[Site "Pocatello, ID"]
[Date "2007.04.01"]
[Round "4.6"]
[White "Eacker, Barry D"]
[Black "Owen, Gary"]
[Result "1/2-1/2"]
[WhiteElo "1675"]
[BlackElo "1555"]

1. Nf3 e6 2. c4 Nf6 3. g3 d5 4. Bg2 Be7 5. O-O O-O 6. cxd5 exd5 7. d4 c5 8.
Nc3 Nc6 9. Re1 Re8 10. e3 h6 11. Ne5 Be6 12. Nxc6 bxc6 13. e4 dxe4 14. dxc5
Bxc5 15. Qxd8 Raxd8 16. Nxe4 Nxe4 17. Bxe4 Bd5 18. Be3 Bxe3 19. Bxd5 Bxf2+ 20.
Kxf2 Rxe1 21. Bxf7+ Kxf7 22. Rxe1 Rd2+ 23. Re2 Rxe2+ 24. Kxe2 Ke6 25. Ke3 Ke5
26. h3 a5 27. Kd3 Kd5 28. Ke3 c5 29. Kd3 c4+ 30. Kc3 g5 31. b3 cxb3 32. axb3
h5 33. Kd3 Kc5 34. Kc3 g4 35. hxg4 hxg4 36. Kd3 Kb4 37. Kc2 {#d} 1/2-1/2

[Event "Idaho Open"]
[Site "Pocatello, ID"]
[Date "2007.04.01"]
[Round "5.4"]
[White "Roland, Jeffrey T"]
[Black "Eacker, Barry D"]
[Result "1-0"]
[WhiteElo "1718"]
[BlackElo "1675"]

1. d4 Nf6 2. c4 e6 3. Nc3 Bb4 4. e3 Bxc3+ 5. bxc3 d5 6. cxd5 exd5 7. Ba3 Nc6
8. Bb5 Bd7 9. Nf3 Ne7 10. Be2 O-O 11. O-O Re8 12. Ne5 Ng6 13. f4 Bf5 14. Qb3
Rb8 15. c4 Be4 16. Rac1 c6 17. cxd5 Bxd5 18. Bc4 Bxc4 19. Nxc4 Qd5 20. Bd6
Rbd8 21. Bc7 Rd7 22. Qxb7 Nh4 23. Rf2 Ng4 24. Re2 Rde7 25. Ne5 Nxe3 26. Qxa7
Nexg2 27. Rc5 Qxd4+ 28. Kf1 Rxc7 29. Qxc7 Qxf4+ 30. Rf2 Ne3+ 31. Ke2 {#r} 1-0

[Event "ICA Sumr Classic"]
[Site "Twin Falls, ID"]
[Date "2007.07.14"]
[Round "1.5"]
[White "Abderhalden, Katherine Louise"]
[Black "Eacker, Barry D"]
[Result "1-0"]
[WhiteElo "1026"]
[BlackElo "1625"]

1. e4 e6 2. d4 d5 3. Nc3 Bb4 4. e5 c5 5. Bd2 Bxc3 6. Bxc3 Ne7 7. f4 Nbc6 8.
Nf3 c4 9. Be2 b5 10. O-O b4 11. Bd2 Nf5 12. c3 Qb6 13. Bc1 Bd7 14. g4 Nfe7 15.
Be3 O-O-O 16. cxb4 Nxb4 17. b3 Nd3 18. Bxd3 cxd3 19. Rc1+ Kb7 20. a4 Qa6 21.
Qd2 Nc6 22. Ra1 Ra8 23. b4 Qc4 24. Rab1 Qc2 25. b5 Ne7 26. Rfc1 Qxd2 27. Bxd2
Rac8 28. Ne1 Rxc1 29. Rxc1 Rc8 30. Nxd3 Rxc1+ 31. Bxc1 Bc8 32. Nc5+ Kb8 33.
Ba3 Ng6 34. Bc1 Kc7 35. Kf2 Kb6 36. Ke3 a6 37. bxa6 Bxa6 38. Nxa6 Kxa6 39. Bd2
Ne7 40. Kd3 Nc6 41. Kc2 Na5 42. Bxa5 Kxa5 43. Kb3 f6 44. h4 h6 45. h5 fxe5 46.
fxe5 Ka6 47. Kb4 Kb6 48. a5+ Ka6 49. Kc5 Kxa5 50. Kd6 Kb5 51. Kxe6 Kc4 52. Kf5
Kxd4 53. e6 {(Katie Abderhalden stopped recording at move 34, Barry Eacker
stopped recording at move 41 but missed 4 White moves, and Jeff Roland
"attempted" to keep a record of the game but just couldn't keep up with the
lightening speed at which the players were moving. The following moves are
very close if not exact to what actually happened. There were many witnesses
to this very intense and exciting game.)} Kc3 54. e7 d4 55. e8=Q d3 56. Qe4
Kc2 57. Qd4 d2 58. g5 hxg5 59. Kxg5 d1=Q 60. Qxd1+ Kxd1 61. Kg6 {#r} 1-0

[Event "ICA Sumr Classic"]
[Site "Twin Falls, ID"]
[Date "2007.07.14"]
[Round "2.7"]
[White "Eacker, Barry D"]
[Black "Abderhalden, Richard Robert"]
[Result "1-0"]
[WhiteElo "1625"]
[BlackElo "875"]

1. Nf3 d6 2. d4 Nf6 3. g3 g6 4. Bg2 Bg7 5. O-O Nbd7 6. Re1 O-O 7. e4 e5 8. d5
Nc5 9. Nbd2 c6 10. c4 Bg4 11. Qc2 Qd7 12. Rb1 Qc8 13. b4 Ncd7 14. Qb3 b6 15.
Nf1 a5 16. a3 h5 17. Ng5 Nh7 18. Nxh7 Kxh7 19. h3 Nf6 20. hxg4 Qxg4 21. Kh2
Bh6 22. Bh3 Qxh3+ 23. Kxh3 Bg7 24. Nh2 Rac8 25. b5 Ra8 26. Bg5 Ng8 27. Be7
Nxe7 28. Qe3 Ng8 29. f4 Bh6 30. Qf3 f6 31. f5 g5 32. Qxh5 Ne7 33. Ng4 Rh8 34.
Qf7+ Bg7 35. Kg2 Raf8 36. Rh1# 1-0

[Event "ICA Sumr Classic"]
[Site "Twin Falls, ID"]
[Date "2007.07.14"]
[Round "3.5"]
[White "Keelan, Thomas P"]
[Black "Eacker, Barry D"]
[Result "0-1"]
[WhiteElo "1363"]
[BlackElo "1625"]

1. e4 e6 2. f4 d5 3. e5 Bd7 4. Nf3 c5 5. g3 Be7 6. Bg2 Bc6 7. O-O Nd7 8. c3
Qc7 9. d4 Rc8 10. Be3 Qb6 11. Qb3 Nh6 12. Qxb6 Nxb6 13. dxc5 Nc4 14. Bd4 Nxb2
15. Rf2 Na4 16. Nbd2 Nxc5 17. Nb3 b6 18. Nxc5 bxc5 19. Be3 Ng4 20. Re2 Nxe3
21. Rxe3 Rb8 22. Ree1 Kd7 23. Reb1 c4 24. Nd4 Bc5 25. Kf1 Bxd4 26. cxd4 Rb6
27. Rxb6 axb6 28. Ke1 Ra8 29. Kd2 Ra3 30. Bf1 b5 31. g4 b4 32. f5 Ba4 33. Kc1
Rf3 34. Kd2 Rf2+ 35. Ke3 Rb2 36. h4 c3 37. Bd3 Bc2 38. a3 b3 39. Bxc2 Rxc2 40.
Kd3 b2 41. Ra2 Rc1 {#R} 0-1

[Event "ICA Sumr Classic"]
[Site "Twin Falls, ID"]
[Date "2007.07.15"]
[Round "4.4"]
[White "Eacker, Barry D"]
[Black "Seiniger, Sam"]
[Result "1-0"]
[WhiteElo "1625"]
[BlackElo "1458"]

1. Nf3 d5 2. c4 dxc4 3. Qa4+ Nc6 4. Qxc4 e5 5. g3 Nf6 6. d3 Bd6 7. Bg2 O-O 8.
O-O Be6 9. Qa4 Bd7 10. Qb3 Rb8 11. Bg5 h6 12. Bxf6 Qxf6 13. Nbd2 Rfe8 14. Ne4
Qe6 15. Nfd2 Nd4 16. Qd1 Bb4 17. Nc3 Qa6 18. Nd5 Bxd2 19. Qxd2 Qd6 20. Rfc1
Bc6 21. Ne3 e4 22. Nc4 Qd7 23. Rd1 Rbd8 24. Kf1 Bb5 25. b3 exd3 26. Qxd3 Nxe2
27. Qxe2 Bxc4 28. bxc4 Rxe2 29. Rxd7 Rxf2+ 30. Kxf2 Rxd7 31. Bxb7 Rd2+ 32. Kg1
Kf8 33. a4 Ke7 34. Re1+ Kd7 35. Rf1 f6 36. Bf3 Ra2 37. Rd1+ Ke7 38. Bc6 Rc2
39. Rd7+ Kf8 40. Bb5 c6 41. Rxa7 cxb5 42. cxb5 Ke8 {#r} 1-0

[Event "SIO"]
[Site "Jackpot, NV"]
[Date "2007.11.10"]
[Round "2.3"]
[White "Zumbrunnen, Randy D"]
[Black "Eacker, Barry D"]
[Result "1-0"]
[WhiteElo "2000"]
[BlackElo "1600"]

1. e4 e6 2. d3 d5 3. Nd2 Nf6 4. Ngf3 Be7 5. g3 Nbd7 6. e5 Ng4 7. Qe2 c5 8. b3
Nh6 9. Bg2 Qc7 10. O-O O-O 11. Re1 Rb8 12. Nf1 Nf5 13. c3 Re8 14. h4 b5 15.
Bf4 c4 16. d4 b4 17. Bh3 g6 18. Bxf5 gxf5 19. Ne3 bxc3 20. bxc4 Nf8 21. Nxf5
Ng6 22. Nxe7+ Qxe7 23. Bg5 Qa3 24. Qe3 h5 25. Bf6 Qf8 26. Qg5 Kh7 27. Qxh5+
{#r} 1-0

[Event "SIO"]
[Site "Jackpot, NV"]
[Date "2007.11.10"]
[Round "3.4"]
[White "Eacker, Barry D"]
[Black "Pemsler, Carmen"]
[Result "1-0"]
[WhiteElo "1600"]
[BlackElo "230"]

1. d4 Nc6 2. Nf3 Nf6 3. c4 d6 4. Bf4 e6 5. e3 d5 6. Nc3 Qe7 7. cxd5 exd5 8.
Bb5 a6 9. Qa4 Bd7 10. O-O h6 11. Rac1 O-O-O 12. Bxc6 Bxc6 13. Qa5 Rg8 14. Ne5
g5 15. Nxc6 bxc6 16. Qxa6+ Kd7 17. Be5 Ne8 18. Na4 f6 19. Qxc6+ Kc8 20. Nb6+
Kb8 21. Qa8# 1-0

[Event "SIO"]
[Site "Jackpot, NV"]
[Date "2007.11.11"]
[Round "4.3"]
[White "Hoskins, Jace H"]
[Black "Eacker, Barry D"]
[Result "0-1"]
[WhiteElo "1175"]
[BlackElo "1600"]

1. e4 e6 2. Nf3 d5 3. exd5 exd5 4. d4 Nf6 5. Nc3 Bb4 6. Qe2+ Be6 7. Bd2 O-O 8.
O-O-O c5 9. Ng5 Bf5 10. Qf3 Bg6 11. Bd3 cxd4 12. Ne2 Bxd2+ 13. Rxd2 Bxd3 14.
Qxd3 h6 15. Nf3 Ne4 16. Qxd4 Nxd2 17. Qxd2 Nc6 18. Ng3 Re8 19. Nf5 Qf6 20. g4
Rad8 21. N5h4 Ne5 22. Nxe5 Qxh4 23. f4 f6 24. Ng6 Qxg4 25. f5 Re2 26. Qc3 Rde8
27. b3 Qxf5 28. Rg1 Rc8 29. Qxc8+ Qxc8 30. Ne7+ Rxe7 31. Rd1 Qc3 {#R} 0-1

[Event "SIO"]
[Site "Jackpot, NV"]
[Date "2007.11.11"]
[Round "5.3"]
[White "Eacker, Barry D"]
[Black "Morrow, Hans M"]
[Result "1-0"]
[WhiteElo "1600"]
[BlackElo "1900"]

1. d4 Nf6 2. Nf3 e6 3. Bg5 Be7 4. e3 d5 5. Bd3 Nbd7 6. O-O c5 7. c3 c4 8. Bc2
b5 9. Nbd2 h6 10. Bh4 O-O 11. e4 dxe4 12. Nxe4 Bb7 13. Nxf6+ Bxf6 14. Bxf6
Qxf6 15. Re1 g6 16. Be4 Rab8 17. Bxb7 Rxb7 18. Ne5 Nxe5 19. Rxe5 Rd8 20. Qe2
a6 21. Qe3 Kg7 22. Re1 Rbd7 23. g3 Rd5 24. f4 g5 25. fxg5 hxg5 26. Rf1 Qg6 27.
Qe4 f5 28. Qe2 R8d6 29. Re1 Kf7 30. Qg2 Kg7 31. Qe2 Kf7 32. Qg2 Kf8 33. Qe2
Kf7 34. Qg2 Rxe5 35. Rxe5 Qf6 36. Qb7+ Qe7 37. Qxe7+ Kxe7 38. Kf2 b4 39. Ke3
bxc3 40. bxc3 Rd5 41. h4 gxh4 42. gxh4 Rb5 43. Rxb5 axb5 44. a3 Kf6 45. Kf4
Kg6 46. Ke5 Kh5 47. Kxe6 f4 48. d5 f3 49. d6 f2 50. d7 f1=Q 51. d8=Q Qe2+ 52.
Kd7 Qd3+ 53. Kc7 Qg3+ 54. Kb6 Qg6+ 55. Kxb5 Qf5+ 56. Kxc4 Qf1+ 57. Kc5 Qf2+
58. Kc6 Kg4 59. Qd4+ {#r} 1-0